| 000 | 00445 a2200193 4500 | ||
|---|---|---|---|
| 001 | 112845 | ||
| 020 | _a9780794518011 | ||
| 041 | _apor | ||
| 090 | _aP Toddler 591 | ||
| 100 | _aMilbourne, Anna. | ||
| 250 | _a. ed. | ||
| 300 | _a[24] p. | ||
| 697 | _aMarine animals | ||
| 856 | _u000006/00000608.jpg | ||
| 040 |
_aBR-BrIDEA _cBR-BrIDEA |
||
| 245 | 1 | 0 |
_aUnder the sea _c Anna Milbourne |
| 260 |
_a[S.l.] _bUsborne ; _c2007 |
||
| 942 | _cBK | ||
| 999 |
_c112845 _d112845 |
||